[Event "BL1011 SK Delmenhorst - SV Griesheim"]
[Site "schachbundesliga.de"]
[Date "2009.11.15"]
[Round "4.2"]
[White "Warakomski, Tomasz"]
[Black "Berczes, David"]
[Result "0-1"]
[WhiteElo "2468"]
[BlackElo "2520"]
[PlyCount "59"]
[EventDate "2009.??.??"]

1. e4 e6 2. d4 d5 3. Nc3 Bb4 4. e5 c5 5. a3 Ba5 6. b4 cxd4 7. Nb5 Bc7 8. f4 Bd7
9. Nf3 Bxb5 10. Bxb5+ Nc6 11. Nxd4 Nge7 12. c4 dxc4 13. Nxc6 Qxd1+ 14. Kxd1
Nxc6 15. Kc2 O-O-O 16. Bxc4 g5 17. fxg5 b5 18. Bd3 Nd4+ 19. Kc3 Bxe5 20. Ra2
Rd7 21. Kd2 Rc7 22. Ke3 Rd8 23. Ke4 Nf5 24. Bxb5 Rd5 25. Ba6+ Kb8 26. Rd2 Nd6+
27. Ke3 Rc3+ 28. Ke2 Rxd2+ 29. Kxd2 Rc6 30. Ke2 0-1

[Event "BL1011 SK Delmenhorst - SV Griesheim"]
[Site "schachbundesliga.de"]
[Date "2009.11.15"]
[Round "4.3"]
[White "Tazbir, Marcin"]
[Black "Jugelt, Tobias"]
[Result "0-1"]
[WhiteElo "2523"]
[BlackElo "2409"]
[PlyCount "84"]
[EventDate "2009.??.??"]

1. e4 Nf6 2. e5 Nd5 3. d4 d6 4. c4 Nb6 5. exd6 exd6 6. Nc3 Be7 7. Bd3 Nc6 8.
Nge2 O-O 9. b3 Bf6 10. Be3 Bg4 11. Qd2 Re8 12. O-O Bh5 13. Nf4 Bg6 14. Nxg6
hxg6 15. Bc2 Nb4 16. Bd1 c6 17. Bf3 d5 18. c5 Nc8 19. Be2 a5 20. Bg4 Be7 21.
Bxc8 Qxc8 22. a3 Na6 23. Na4 Bd8 24. Bf4 Qf5 25. f3 g5 26. Be5 Re6 27. Rae1 Bc7
28. f4 gxf4 29. Rxf4 Qg5 30. h4 Qh6 31. Qf2 f6 32. Bxc7 Nxc7 33. Rf1 Nb5 34.
Qg3 Rae8 35. R1f3 Re1+ 36. Kh2 R1e4 37. Kh3 Rxf4 38. Rxf4 Nxd4 39. Nc3 Nxb3 40.
Kh2 Nxc5 41. Rg4 Nd7 42. Rg6 Qh7 0-1

[Event "BL1011 SK Delmenhorst - SV Griesheim"]
[Site "schachbundesliga.de"]
[Date "2009.11.15"]
[Round "4.4"]
[White "Lammers, Markus"]
[Black "Jakubowski, Krzysztof"]
[Result "0-1"]
[WhiteElo "2395"]
[BlackElo "2500"]
[PlyCount "96"]
[EventDate "2009.??.??"]

1. Nf3 d6 2. d4 f5 3. g3 Nf6 4. Bg2 g6 5. O-O Bg7 6. c4 O-O 7. Nc3 Qe8 8. d5
Na6 9. Rb1 Bd7 10. b4 c6 11. dxc6 bxc6 12. b5 Nc5 13. Bb2 Rc8 14. Nd4 cxb5 15.
cxb5 Nfe4 16. Nxe4 Nxe4 17. Qb3+ Qf7 18. Qxf7+ Kxf7 19. Rfc1 Rxc1+ 20. Rxc1
Bxd4 21. Bxd4 Bxb5 22. Bxa7 Bxe2 23. a4 Ra8 24. Rc7 Ke6 25. a5 Ba6 26. f3 Nf6
27. Bd4 Nd5 28. Rc1 Rc8 29. Re1+ Kd7 30. f4 Nc3 31. Kf2 Nb5 32. Bb6 Na3 33. Bd5
Rc2+ 34. Kg1 Nc4 35. Be6+ Ke8 36. Bf2 Nd2 37. Bd5 Kd7 38. Be3 Nc4 39. Bf2 Nd2
40. Bb6 Bc4 41. Bg2 Ra2 42. Rc1 d5 43. Rd1 e6 44. Be3 Nb3 45. Bf1 Bxf1 46. Rxf1
Rxa5 47. Kg2 Ra2+ 48. Bf2 Nd2 0-1

[Event "BL1011 SK Delmenhorst - SV Griesheim"]
[Site "schachbundesliga.de"]
[Date "2009.11.15"]
[Round "4.5"]
[White "Murdzia, Piotr"]
[Black "Luch, Michal"]
[Result "1/2-1/2"]
[WhiteElo "2477"]
[BlackElo "2385"]
[PlyCount "42"]
[EventDate "2009.??.??"]

1. d4 Nf6 2. c4 g6 3. Nc3 d5 4. Nf3 Bg7 5. cxd5 Nxd5 6. Bd2 c5 7. e4 Nxc3 8.
Bxc3 cxd4 9. Bxd4 Qa5+ 10. Qd2 Qxd2+ 11. Kxd2 O-O 12. Bxg7 Kxg7 13. Ke3 Bd7 14.
Ne5 Rc8 15. Nxd7 Nxd7 16. Bb5 Nb6 17. Rac1 e5 18. f4 Kf6 19. g3 Rxc1 20. Rxc1
Rc8 21. Rxc8 Nxc8 1/2-1/2

[Event "BL1011 SK Delmenhorst - SV Griesheim"]
[Site "schachbundesliga.de"]
[Date "2009.11.15"]
[Round "4.6"]
[White "Meyer, Malte"]
[Black "Grabarczyk, Bogdan"]
[Result "1/2-1/2"]
[WhiteElo "2348"]
[BlackElo "2448"]
[PlyCount "148"]
[EventDate "2009.??.??"]

1. d4 d5 2. c4 dxc4 3. Nf3 a6 4. e3 Nf6 5. Bxc4 b5 6. Bb3 Bb7 7. O-O e6 8. Qe2
Nbd7 9. Nc3 c5 10. Rd1 Qc7 11. d5 c4 12. Bc2 Nxd5 13. Nxd5 Bxd5 14. Rxd5 exd5
15. e4 d4 16. Nxd4 g6 17. e5 Bc5 18. e6 O-O 19. Be3 Qe5 20. Qg4 Bxd4 21. exf7+
Rxf7 22. Bxd4 Rf4 23. Bxe5 Rxg4 24. Bc3 Re8 25. Kf1 Nc5 26. Rd1 Rf4 27. f3 Rf7
28. Rd5 Rc7 29. a3 Kf7 30. h4 Ree7 31. Rd6 Re6 32. Rd5 Rec6 33. h5 Rd7 34.
hxg6+ hxg6 35. Be4 Rcc7 36. Rg5 Nxe4 37. fxe4 Rd3 38. Rg4 Rc5 39. Rf4+ Ke8 40.
Rf6 Rg5 41. Rxa6 Rd1+ 42. Kf2 Rc1 43. g3 Rh1 44. Bf6 Rgh5 45. Kf3 Rf1+ 46. Kg4
Re1 47. e5 Rf5 48. Rd6 Re4+ 49. Kh3 Rf2 50. Rb6 Ree2 51. Rxb5 Rxb2 52. Rc5 Rbc2
53. Kg4 Kf7 54. a4 c3 55. Bg5 Rfe2 56. Bf4 Re4 57. a5 Ra4 58. Kg5 Ra3 59. Rc7+
Ke6 60. Rc5 Rg2 61. Kxg6 c2 62. Rc6+ Kd5 63. Rc7 Rxa5 64. Kf7 Rf2 65. e6 Ra7
66. Rxa7 c1=Q 67. e7 Rxf4+ 68. gxf4 Qxf4+ 69. Kg7 Qg3+ 70. Kf7 Qf2+ 71. Kg8
Qg1+ 72. Kf8 Qf2+ 73. Kg8 Qg1+ 74. Kf8 Qf2+ 1/2-1/2

[Event "BL1011 SK Delmenhorst - SV Griesheim"]
[Site "schachbundesliga.de"]
[Date "2009.11.15"]
[Round "4.7"]
[White "Bulski, Krzysztof"]
[Black "Mossakowski, Florian"]
[Result "1/2-1/2"]
[WhiteElo "2459"]
[BlackElo "2335"]
[PlyCount "76"]
[EventDate "2009.??.??"]

1. d4 Nf6 2. c4 g6 3. Nc3 Bg7 4. e4 d6 5. Nf3 O-O 6. h3 e5 7. d5 Nh5 8. Nd2 Qe8
9. g3 f5 10. Be2 Nf6 11. g4 Na6 12. Rg1 Nxe4 13. Ndxe4 fxe4 14. Nxe4 b6 15. Be3
Nc5 16. Qc2 Nxe4 17. Qxe4 Qe7 18. O-O-O Qh4 19. Bf3 Bd7 20. Rg3 Rae8 21. Qc2
Bf6 22. Be4 Bg5 23. Rdg1 Re7 24. Qd2 Bxe3 25. Qxe3 Ref7 26. f3 a5 27. R3g2 Kg7
28. Qf2 Qxf2 29. Rxf2 Rf4 30. Rh2 h6 31. Kd2 Rc8 32. Ke3 c5 33. b3 b5 34. Rc1
Rb8 35. h4 Ra8 36. a3 bxc4 37. Rxc4 Bb5 38. Rc3 Rf7 1/2-1/2

[Event "BL1011 SK Delmenhorst - SV Griesheim"]
[Site "schachbundesliga.de"]
[Date "2009.11.15"]
[Round "4.8"]
[White "Hoeffer, David"]
[Black "Geske, Julian"]
[Result "0-1"]
[WhiteElo "2259"]
[BlackElo "2364"]
[PlyCount "104"]
[EventDate "2009.??.??"]

1. Nf3 Nf6 2. g3 g6 3. Bg2 Bg7 4. d4 d6 5. O-O O-O 6. Re1 Nbd7 7. e4 e5 8. Nc3
c6 9. h3 Re8 10. Be3 b5 11. d5 b4 12. Na4 Bb7 13. c4 Nxe4 14. Nd2 cxd5 15. Nxe4
dxe4 16. Qxd6 Bf8 17. Qd2 Bc6 18. b3 Qc7 19. g4 Rad8 20. Qc2 f5 21. Rad1 Nf6
22. Bg5 Be7 23. Nb2 Rd4 24. Be3 Rxd1 25. Nxd1 Rd8 26. gxf5 gxf5 27. Bg5 Ne8 28.
Bxe7 Qxe7 29. Ne3 Ng7 30. Nd5 Qc5 31. Ne3 Rd4 32. Nf1 Rd3 33. Qc1 Qd6 34. c5
Qg6 35. Kh2 Ne6 36. Ne3 f4 37. Ng4 Rc3 38. Qd1 Rd3 39. Qa1 f3 40. Bf1 Rd2 41.
Qxe5 h5 42. Bc4 Rxf2+ 43. Kh1 hxg4 44. Bxe6+ Kf8 45. Qd6+ Kg7 46. Qe7+ Kh6 47.
Bxg4 Re2 48. Rd1 e3 49. Qf8+ Kg5 50. Bxf3 Rh2+ 51. Kg1 Kh4+ 52. Bg4 Rh1# 0-1

[Event "BL 1011 Hamburger SK - OSG Baden Baden"]
[Site "?"]
[Date "2010.12.11"]
[Round "5.2"]
[White "Ftacnik, Lubomir Dr"]
[Black "Bacrot, Etienne"]
[Result "1/2-1/2"]
[WhiteElo "2568"]
[BlackElo "2716"]
[PlyCount "71"]
[EventDate "2010.??.??"]

1. Nf3 Nf6 2. c4 c5 3. Nc3 d5 4. cxd5 Nxd5 5. d4 Nxc3 6. bxc3 g6 7. g3 Bg7 8.
Bg2 O-O 9. O-O Nc6 10. Be3 cxd4 11. Nxd4 Na5 12. Qa4 Bd7 13. Qb4 Rc8 14. Rad1
Rc4 15. Qb1 Qe8 16. Bxb7 e5 17. Nf3 Bf5 18. Qb2 Nxb7 19. Qxb7 a5 20. Qa6 Qa4
21. Rd5 Qxa2 22. Nxe5 Ra4 23. Nc6 Be6 24. Rd2 Qc4 25. Qb6 Qxc3 26. Rd8 h5 27.
Ne7+ Kh7 28. Qb8 Rb4 29. Qa8 Rxd8 30. Qxd8 f5 31. Qxa5 Rb7 32. Qxc3 Bxc3 33.
Nc6 Bd5 34. Bd4 Rb2 35. Rc1 Bxd4 36. Nxd4 1/2-1/2

[Event "BL 1011 Hamburger SK - OSG Baden Baden"]
[Site "?"]
[Date "2010.12.11"]
[Round "5.6"]
[White "Heinemann, Thies"]
[Black "Meier, Georg"]
[Result "1/2-1/2"]
[WhiteElo "2488"]
[BlackElo "2659"]
[PlyCount "134"]
[EventDate "2010.??.??"]

1. e4 c5 2. Nf3 e6 3. d4 cxd4 4. Nxd4 a6 5. Bd3 Bc5 6. Nb3 Be7 7. c4 d6 8. Nc3
Nf6 9. O-O b6 10. Be3 Bb7 11. f3 O-O 12. Qd2 Nbd7 13. Qf2 Rb8 14. Rfd1 Qc7 15.
Rac1 Rfe8 16. Bf1 Rbc8 17. a3 Qb8 18. Kh1 Bd8 19. Nd2 Bc7 20. g3 Qa8 21. Bg2 d5
22. cxd5 exd5 23. Nxd5 Nxd5 24. exd5 Bxd5 25. Nf1 Nf8 26. f4 Bxg2+ 27. Qxg2 Qb8
28. Rc6 Rcd8 29. Rxd8 Bxd8 30. Qd5 h6 31. Kg1 Nh7 32. Qd6 Qa8 33. Qd7 Nf6 34.
Rc8 Nxd7 35. Rxa8 a5 36. Kf2 Kf8 37. Bd4 Bf6 38. Rxe8+ Kxe8 39. Ke3 Ke7 40. Nd2
Bxd4+ 41. Kxd4 Kd6 42. Nc4+ Ke6 43. Ne3 b5 44. a4 bxa4 45. Kc4 g5 46. Kb5 f5
47. Kxa4 gxf4 48. gxf4 Nc5+ 49. Kxa5 Nd3 50. b4 Nxf4 51. b5 Nd3 52. b6 Nc5 53.
Kb5 Nd7 54. b7 f4 55. Ng4 h5 56. Nf2 Kd5 57. Nd3 f3 58. Nf4+ Kd6 59. Nxh5 Kc7
60. Ng3 Kxb7 61. Kc4 Kc6 62. Kd4 Kd6 63. Ke3 Ne5 64. Ne4+ Ke6 65. Ng5+ Kf5 66.
Nxf3 Ng4+ 67. Ke2 Nxh2 1/2-1/2

[Event "BL 1011 Hamburger SK - OSG Baden Baden"]
[Site "?"]
[Date "2010.12.11"]
[Round "5.8"]
[White "Sebastian, Dirk"]
[Black "Schlosser, Philipp"]
[Result "0-1"]
[WhiteElo "2439"]
[BlackElo "2574"]
[PlyCount "58"]
[EventDate "2010.??.??"]

1. e4 c5 2. Nf3 Nc6 3. Nc3 g6 4. d4 cxd4 5. Nxd4 Bg7 6. Be3 Nf6 7. Bc4 d6 8. h3
O-O 9. Bb3 Na5 10. O-O b6 11. Re1 Bb7 12. Bg5 h6 13. Bh4 Re8 14. Ba4 Nd7 15.
Nd5 Rc8 16. c3 Nc4 17. Qe2 g5 18. Nf5 e6 19. Nxh6+ Bxh6 20. Bxd7 exd5 21. Bxe8
Qxe8 22. Qh5 Bg7 23. exd5 Qb5 24. Rad1 Nxb2 25. Re7 Bxd5 26. Rd2 Nc4 27. Qg4
Be6 28. Rxe6 Nxd2 29. Re7 Qb1+ 0-1

[Event "BL 1011 Turm Emsdetten - Solinger SG"]
[Site "?"]
[Date "2010.12.11"]
[Round "5.4"]
[White "Janssen, Ruud"]
[Black "Ragger, Markus"]
[Result "1/2-1/2"]
[WhiteElo "2498"]
[BlackElo "2628"]
[PlyCount "118"]
[EventDate "2010.??.??"]

1. c4 Nf6 2. Nc3 e6 3. e4 c5 4. Nf3 Nc6 5. Be2 d5 6. exd5 exd5 7. d4 Be6 8.
cxd5 Nxd5 9. O-O Nxc3 10. bxc3 Be7 11. Rb1 cxd4 12. Nxd4 Nxd4 13. cxd4 Bd5 14.
Bb5+ Kf8 15. Re1 a6 16. Ba4 b5 17. Bb3 Bf6 18. Qh5 Bxb3 19. Rxb3 h6 20. Ba3+
Kg8 21. Bc5 g6 22. Qf3 Kg7 23. Rbe3 Rc8 24. Re4 Qd5 25. h3 Rhd8 26. a3 Rd7 27.
h4 h5 28. R1e3 Rdd8 29. Rf4 Rc6 30. Be7 Bxe7 31. Rxe7 Qxf3 32. Rexf7+ Kh6 33.
Rxf3 Rxd4 34. g3 Rd8 35. Re3 Rb6 36. Ree7 Rh8 37. Kg2 a5 38. Rb7 Rxb7 39. Rxb7
b4 40. axb4 axb4 41. Rxb4 Kg7 42. Rb7+ Kf6 43. Rb6+ Kg7 44. Rb7+ Kf6 45. Kf3
Ra8 46. Rb6+ Kg7 47. Re6 Ra3+ 48. Kf4 Ra4+ 49. Re4 Ra7 50. f3 Rf7+ 51. Ke3 Ra7
52. Re5 Kf6 53. Rd5 Ra3+ 54. Ke4 Ra4+ 55. Rd4 Ra6 56. Kf4 Rb6 57. g4 hxg4 58.
fxg4 g5+ 59. hxg5+ Kg6 1/2-1/2

[Event "BL 1011 SV Griesheim - SF Katernberg"]
[Site "?"]
[Date "2010.12.11"]
[Round "5.2"]
[White "Murdzia, Piotr"]
[Black "Chuchelov, Vladimir"]
[Result "1/2-1/2"]
[WhiteElo "2477"]
[BlackElo "2565"]
[PlyCount "91"]
[EventDate "2010.??.??"]

1. d4 Nf6 2. c4 e6 3. Nf3 b6 4. Nc3 Bb4 5. Bg5 Bb7 6. Nd2 h6 7. Bh4 c5 8. d5
Bxc3 9. bxc3 d6 10. e4 Nbd7 11. Be2 Qe7 12. f3 O-O-O 13. O-O g5 14. Bf2 Nh5 15.
Re1 Nf4 16. Bf1 Qf6 17. Re3 h5 18. Rb1 Kc7 19. Rb2 Rdg8 20. g3 h4 21. g4 Ra8
22. Nb1 Rhb8 23. Na3 a6 24. Nc2 Ne5 25. Nd4 cxd4 26. cxd4 Nd7 27. e5 Qg6 28.
exd6+ Kd8 29. dxe6 fxe6 30. a4 Bc6 31. d5 exd5 32. cxd5 Bxd5 33. Re7 Qxd6 34.
Rg7 Kc7 35. Rc2+ Bc6 36. Rd2 Qe6 37. Bc4 Nh3+ 38. Kg2 Nxf2 39. Kxf2 Qe8 40. Bd5
Bxd5 41. Qc2+ Bc6 42. Rdxd7+ Qxd7 43. Rxd7+ Kxd7 44. Qf5+ Kd6 45. Qf6+ Kc7 46.
Qe5+ 1/2-1/2

[Event "BL 1011 OSG Baden Baden - Schachfr. Ber"]
[Site "?"]
[Date "2010.12.12"]
[Round "6.2"]
[White "Bacrot, Etienne"]
[Black "Lauber, Arnd"]
[Result "1-0"]
[WhiteElo "2716"]
[BlackElo "2497"]
[PlyCount "125"]
[EventDate "2010.??.??"]

1. d4 d5 2. c4 e6 3. Nc3 Nf6 4. cxd5 exd5 5. Bg5 Be7 6. e3 c6 7. Bd3 Nbd7 8.
Nf3 Nh5 9. Bxe7 Qxe7 10. O-O g6 11. a3 a5 12. Rb1 O-O 13. b4 axb4 14. axb4 Nb6
15. b5 c5 16. dxc5 Qxc5 17. Ne2 Bg4 18. Ned4 Rfc8 19. h3 Bd7 20. Rc1 Qxc1 21.
Qxc1 Rxc1 22. Rxc1 Rc8 23. Rd1 Nf6 24. Kf1 Kf8 25. Nd2 Ne8 26. Ke2 Nd6 27. Ra1
Ra8 28. Rxa8+ Nxa8 29. Nb1 Nb6 30. Nc3 Ke7 31. g4 h6 32. f3 g5 33. f4 f6 34.
Kf2 Ne8 35. Bg6 Ng7 36. Ke2 Kd6 37. Kd3 Nc8 38. Bf7 Ne7 39. f5 Be8 40. Bxe8
Nxe8 41. Ne6 Ke5 42. Nc5 Nxf5 43. gxf5 Nd6 44. b6 h5 45. Nd7+ Kxf5 46. Nxd5 Ke6
47. N7xf6 g4 48. h4 g3 49. Ke2 Nf5 50. Kf3 Nxh4+ 51. Kxg3 Nf5+ 52. Kf4 h4 53.
e4 Nd6 54. Nc7+ Kf7 55. Nh7 Nc4 56. Ng5+ Ke7 57. Na8 Kd6 58. Nf3 h3 59. Kg3 Ne5
60. Nxe5 Kxe5 61. Kxh3 Kd4 62. Kh4 Ke5 63. Kg5 1-0

[Event "BL 1011 OSG Baden Baden - Schachfr. Ber"]
[Site "?"]
[Date "2010.12.12"]
[Round "6.3"]
[White "Polzin, Rainer"]
[Black "Vallejo Pons, Francisco"]
[Result "1/2-1/2"]
[WhiteElo "2494"]
[BlackElo "2697"]
[PlyCount "117"]
[EventDate "2010.??.??"]

1. e4 c6 2. d4 d5 3. e5 c5 4. dxc5 e6 5. Be3 Nh6 6. Nf3 Nf5 7. Bd4 Bd7 8. c3
Nc6 9. Bd3 Nfxd4 10. cxd4 b6 11. O-O bxc5 12. dxc5 Bxc5 13. Nc3 Be7 14. a3 a5
15. Rc1 O-O 16. Bb1 Qb8 17. Qd3 g6 18. Qe2 Rd8 19. Bd3 Bf8 20. h4 Bg7 21. Rfe1
h5 22. Bb5 Nxe5 23. Nxe5 Bxb5 24. Nxb5 Bxe5 25. Qxe5 Qxb5 26. g4 Qa4 27. b4 d4
28. gxh5 Rd5 29. Qg3 Rxh5 30. Rxe6 Rh7 31. Rec6 Re8 32. Rc8 Rh8 33. Qf4 d3 34.
R1c7 Rh7 35. Qe4 Rxc8 36. Rxc8+ Kg7 37. Qxd3 axb4 38. Qd4+ Kh6 39. axb4 Qa2 40.
Qf4+ Kg7 41. Qe5+ Kh6 42. Rg8 Qd2 43. b5 Qd1+ 44. Kg2 Qg4+ 45. Qg3 Qe4+ 46. Kh2
f6 47. Rc8 Rb7 48. Rc5 Rd7 49. Qe3+ Qxe3 50. fxe3 Rd3 51. b6 Rxe3 52. Rb5 Re8
53. b7 Rb8 54. Kg3 g5 55. hxg5+ fxg5 56. Kg4 Kg6 57. Rb6+ Kf7 58. Kxg5 Ke7 59.
Rb1 1/2-1/2

[Event "BL 1011 OSG Baden Baden - Schachfr. Ber"]
[Site "?"]
[Date "2010.12.12"]
[Round "6.5"]
[White "Schneider, Ilja"]
[Black "Nisipeanu, Liviu-Dieter"]
[Result "1/2-1/2"]
[WhiteElo "2519"]
[BlackElo "2683"]
[PlyCount "84"]
[EventDate "2010.??.??"]

1. e4 c5 2. c3 d5 3. exd5 Qxd5 4. Nf3 Nf6 5. Na3 Nc6 6. Be2 g6 7. d4 cxd4 8.
Nb5 Qd8 9. Bf4 Nd5 10. Bg3 Bh6 11. Nfxd4 O-O 12. Nxc6 bxc6 13. Nd4 Nf4 14. O-O
c5 15. Bxf4 Bxf4 16. Bf3 cxd4 17. Bxa8 Ba6 18. Qf3 dxc3 19. bxc3 Bxh2+ 20. Kxh2
Bxf1 21. Rxf1 Qxa8 22. Qxa8 Rxa8 23. Rb1 Rc8 24. Rb7 e6 25. Rxa7 Rxc3 26. a4 h5
27. a5 g5 28. Rb7 Ra3 29. Rb5 f5 30. Rb8+ Kg7 31. Ra8 Ra2 32. Kg1 Ra1+ 33. Kh2
Ra2 34. Kg1 Kf6 35. a6 Ke5 36. a7 Ra1+ 37. Kh2 g4 38. Kg3 Ra6 39. Kh4 Kf4 40.
Kxh5 e5 41. g3+ Ke4 42. Kg5 Ra2 1/2-1/2

[Event "BL 1011 OSG Baden Baden - Schachfr. Ber"]
[Site "?"]
[Date "2010.12.12"]
[Round "6.8"]
[White "Schlosser, Philipp"]
[Black "Thinius, Marco"]
[Result "1/2-1/2"]
[WhiteElo "2574"]
[BlackElo "2367"]
[PlyCount "67"]
[EventDate "2010.??.??"]

1. d4 Nf6 2. c4 e6 3. Nf3 d5 4. Nc3 Bb4 5. e3 O-O 6. Bd3 b6 7. O-O Bb7 8. cxd5
exd5 9. a3 Bd6 10. b4 a6 11. Qb3 Qe7 12. b5 a5 13. a4 Rd8 14. Ba3 c5 15. bxc6
Nxc6 16. Bxd6 Rxd6 17. Nb5 Rdd8 18. Rfc1 Ne4 19. Bxe4 dxe4 20. Nd2 Rac8 21. Nc4
Qe6 22. d5 Qxd5 23. Nbd6 Rb8 24. Rd1 Qe6 25. Qxb6 Ba8 26. Qc5 h6 27. Nb5 Nb4
28. Rxd8+ Rxd8 29. Nxa5 Nd3 30. Qc3 Rc8 31. Qd2 Bd5 32. h3 Qb6 33. Rb1 Ra8 34.
Nb3 1/2-1/2

[Event "BL 1011 SC Eppingen - Hamburger SK"]
[Site "?"]
[Date "2010.12.12"]
[Round "6.1"]
[White "Baramidze, David"]
[Black "Balogh, Csaba"]
[Result "1/2-1/2"]
[WhiteElo "2542"]
[BlackElo "2608"]
[PlyCount "71"]
[EventDate "2010.??.??"]

1. d4 d5 2. c4 c6 3. Nf3 Nf6 4. Nc3 dxc4 5. a4 Bf5 6. Ne5 Nbd7 7. Nxc4 Qc7 8.
g3 e5 9. dxe5 Nxe5 10. Bf4 Nfd7 11. Bg2 f6 12. a5 a6 13. O-O Nc5 14. Na4 Rd8
15. Qe1 Ne6 16. Bxe5 fxe5 17. Qc3 Nd4 18. Kh1 Nxe2 19. Qe3 Nd4 20. Nxe5 Nc2 21.
Qf4 Be6 22. Rad1 Rxd1 23. Rxd1 Bd6 24. Qe4 Bxe5 25. Nc5 Bd5 26. Qxc2 O-O 27. b4
Bd6 28. Bxd5+ cxd5 29. Qd3 Bxc5 30. Qxd5+ Qf7 31. bxc5 Qxd5+ 32. Rxd5 Rxf2 33.
Rd8+ Rf8 34. Rd7 Rf7 35. Rd8+ Rf8 36. Rd7 1/2-1/2

[Event "BL 1011 SC Eppingen - Hamburger SK"]
[Site "?"]
[Date "2010.12.12"]
[Round "6.2"]
[White "Postny, Evgeny"]
[Black "Ftacnik, Lubomir Dr"]
[Result "1/2-1/2"]
[WhiteElo "2595"]
[BlackElo "2568"]
[PlyCount "65"]
[EventDate "2010.??.??"]

1. d4 Nf6 2. c4 g6 3. Nc3 d5 4. e3 Bg7 5. Nf3 O-O 6. b4 Bg4 7. Bb2 c6 8. h3
Bxf3 9. Qxf3 Na6 10. a3 Nc7 11. Be2 e5 12. dxe5 Nd7 13. cxd5 Nxe5 14. Qg3 cxd5
15. Rd1 Qe7 16. Nxd5 Nxd5 17. Rxd5 Nf3+ 18. Qxf3 Bxb2 19. O-O Bxa3 20. Rfd1
Rad8 21. Rxd8 Rxd8 22. Rxd8+ Qxd8 23. Qxb7 Qd2 24. g3 Qxe2 25. Qc8+ Kg7 26.
Qc3+ Kg8 27. Qxa3 Qd1+ 28. Kg2 Qd5+ 29. Kh2 Qd2 30. Kg1 Qd1+ 31. Kg2 Qd2 32.
Kg1 Qd1+ 33. Kg2 1/2-1/2

[Event "BL 1011 SC Eppingen - Hamburger SK"]
[Site "?"]
[Date "2010.12.12"]
[Round "6.3"]
[White "Huschenbeth, Niclas"]
[Black "Gyimesi, Zoltan"]
[Result "0-1"]
[WhiteElo "2461"]
[BlackElo "2595"]
[PlyCount "94"]
[EventDate "2010.??.??"]

1. e4 c6 2. d4 d5 3. e5 Bf5 4. Nf3 e6 5. Be2 c5 6. Be3 cxd4 7. Nxd4 Ne7 8. c4
Nbc6 9. Qa4 a6 10. Na3 Qa5+ 11. Qxa5 Nxa5 12. O-O dxc4 13. Nxc4 Nxc4 14. Bxc4
Be4 15. Rac1 Bd5 16. Bd3 Kd7 17. Nb3 Bxb3 18. axb3 Nd5 19. Be4 Be7 20. Rfd1 g6
21. f4 Rhc8 22. Rc4 b5 23. Rcd4 Ke8 24. Bxd5 exd5 25. Rxd5 Rc2 26. R1d2 Rac8
27. Rxc2 Rxc2 28. Rd2 Rxd2 29. Bxd2 Kd7 30. Kf2 Ke6 31. Ke2 Kd5 32. Kd3 Bd8 33.
g4 g5 34. fxg5 Kxe5 35. h3 Kd5 36. Bf4 Bb6 37. Be3 Bd8 38. Bd2 Be7 39. Be3 Bd8
40. h4 Bc7 41. Bd4 Bg3 42. h5 Bd6 43. Bf6 Bf4 44. Bd8 Be5 45. Bf6 Bxf6 46. gxf6
Ke5 47. Ke3 b4 0-1

[Event "BL 1011 SC Eppingen - Hamburger SK"]
[Site "?"]
[Date "2010.12.12"]
[Round "6.4"]
[White "Acs, Peter"]
[Black "Rogozenco, Dorian"]
[Result "0-1"]
[WhiteElo "2601"]
[BlackElo "2522"]
[PlyCount "54"]
[EventDate "2010.??.??"]

1. e4 d6 2. d4 Nf6 3. Nc3 e5 4. dxe5 dxe5 5. Qxd8+ Kxd8 6. Bg5 Nbd7 7. O-O-O c6
8. f4 Be7 9. Nf3 Ng4 10. Rd2 f6 11. fxe5 fxg5 12. e6 Kc7 13. exd7 Bxd7 14. Bc4
Bf6 15. Nd1 Rae8 16. Re1 Re7 17. Nf2 Nxf2 18. Rxf2 g4 19. Nd2 Be5 20. g3 h5 21.
Nf1 h4 22. gxh4 Rxh4 23. Ree2 g5 24. Rf7 Rxf7 25. Bxf7 g3 26. Nxg3 Bf4+ 27. Kd1
Bg4 0-1

[Event "BL 1011 SC Eppingen - Hamburger SK"]
[Site "?"]
[Date "2010.12.12"]
[Round "6.5"]
[White "Mueller, Karsten Dr"]
[Black "Bindrich, Falko"]
[Result "1/2-1/2"]
[WhiteElo "2525"]
[BlackElo "2507"]
[PlyCount "40"]
[EventDate "2010.??.??"]

1. d4 Nf6 2. Nf3 d5 3. c4 e6 4. Nc3 dxc4 5. e3 a6 6. a4 c5 7. Bxc4 Nc6 8. O-O
Be7 9. Qe2 cxd4 10. Rd1 e5 11. exd4 exd4 12. Nxd4 Nxd4 13. Qe5 Qd6 14. Qxd6
Bxd6 15. Rxd4 Be5 16. Rd1 O-O 17. Be3 Bf5 18. Bd4 Rfe8 19. Bxe5 Rxe5 20. f3 Be6
1/2-1/2

[Event "BL 1011 SC Eppingen - Hamburger SK"]
[Site "?"]
[Date "2010.12.12"]
[Round "6.6"]
[White "Braun, Arik"]
[Black "Heinemann, Thies"]
[Result "0-1"]
[WhiteElo "2538"]
[BlackElo "2488"]
[PlyCount "132"]
[EventDate "2010.??.??"]

1. d4 Nf6 2. c4 e6 3. Nc3 Bb4 4. Qc2 Nc6 5. Nf3 d6 6. a3 Bxc3+ 7. Qxc3 O-O 8.
b4 e5 9. Bb2 e4 10. Nd2 d5 11. e3 Ne7 12. Qc2 Re8 13. c5 Nf5 14. h3 h5 15.
O-O-O h4 16. Be2 Nh7 17. Nf1 Qg5 18. Nh2 Nh6 19. Rhg1 Re6 20. Kb1 Rg6 21. Bc1
Qe7 22. f3 Bf5 23. f4 Bd7 24. Qb3 Nf6 25. Bd2 Nf5 26. Nf1 Nh6 27. Be1 Bxh3 28.
Bxh4 Qe6 29. Bxf6 gxf6 30. g3 Bg4 31. Rd2 Kg7 32. Bxg4 Nxg4 33. Rh1 Rh8 34.
Rxh8 Kxh8 35. Nh2 Kg7 36. Nxg4 Rxg4 37. Rg2 Rg6 38. Qd1 Qh3 39. Qg1 Rh6 40. Kc2
Qh1 41. Qxh1 Rxh1 42. g4 Ra1 43. Kb2 Rd1 44. Rg3 Rd2+ 45. Kc3 a6 46. g5 c6 47.
gxf6+ Kxf6 48. Kb3 Rf2 49. Rg1 Rf3 50. Re1 Kf5 51. Ka4 Kg4 52. Ka5 Kg3 53. Kb6
Kf2 54. Rh1 Kxe3 55. Kxb7 Kxd4 56. Kxc6 Rxa3 57. Rh5 e3 58. Rxd5+ Ke4 59. Re5+
Kxf4 60. Re7 f5 61. Kd5 Rd3+ 62. Kc4 Rd1 63. c6 Rc1+ 64. Kd5 Kf3 65. c7 e2 66.
Kd6 Kf2 0-1

[Event "BL 1011 SC Eppingen - Hamburger SK"]
[Site "?"]
[Date "2010.12.12"]
[Round "6.7"]
[White "Reeh, Oliver"]
[Black "Guliyev, Namig"]
[Result "0-1"]
[WhiteElo "2454"]
[BlackElo "2510"]
[PlyCount "72"]
[EventDate "2010.??.??"]

1. e4 c5 2. Nf3 d6 3. d4 cxd4 4. Nxd4 Nf6 5. Nc3 a6 6. f4 e5 7. Nf3 Qc7 8. a4
Be7 9. Bd3 O-O 10. O-O Nbd7 11. Kh1 Re8 12. Qe2 Nc5 13. fxe5 dxe5 14. Bg5 Be6
15. Nh4 Ng4 16. Bxe7 Qxe7 17. Nf5 Bxf5 18. Rxf5 Nxd3 19. cxd3 Nh6 20. Rf3 Rac8
21. Raf1 Rc6 22. Nd5 Qd8 23. g4 Kh8 24. Qd2 Rg6 25. Rg3 Nxg4 26. Rxf7 Rf8 27.
Rxf8+ Qxf8 28. Qg2 Qc8 29. Rf3 Nxh2 30. Qxg6 hxg6 31. Kxh2 Qc2+ 32. Kg3 g5 33.
b4 Qxa4 34. Rf2 Qd1 35. Ne7 Qxd3+ 36. Rf3 Qxe4 0-1

[Event "BL 1011 SC Eppingen - Hamburger SK"]
[Site "?"]
[Date "2010.12.12"]
[Round "6.8"]
[White "Mann, Christian"]
[Black "Sebastian, Dirk"]
[Result "1-0"]
[WhiteElo "2444"]
[BlackElo "2439"]
[PlyCount "81"]
[EventDate "2010.??.??"]

1. e4 e5 2. Nf3 Nc6 3. Nc3 Nf6 4. g3 d5 5. exd5 Nxd5 6. Bg2 Nxc3 7. bxc3 Bd6 8.
O-O O-O 9. d4 exd4 10. cxd4 Re8 11. c4 Bf5 12. Be3 Be4 13. Nd2 Bxg2 14. Kxg2
Be7 15. Nb3 a5 16. Qg4 a4 17. Nc5 b6 18. Ne6 fxe6 19. Qxe6+ Kh8 20. Qxc6 Bf6
21. Rfd1 Qe7 22. Bf4 Qe4+ 23. Qxe4 Rxe4 24. Bxc7 Bxd4 25. Rab1 h6 26. Re1 Rxe1
27. Rxe1 Rc8 28. Re7 Kh7 29. f4 Bf6 30. Rd7 Kg6 31. g4 Re8 32. Kf3 Re1 33. Bxb6
Rc1 34. f5+ Kh7 35. Bd4 Bxd4 36. Rxd4 Rc2 37. a3 Rc3+ 38. Ke4 Rxa3 39. c5 Ra1
40. c6 a3 41. Kd5 1-0

[Event "BL 1011 Solinger SG - SV Wattenscheid"]
[Site "?"]
[Date "2010.12.12"]
[Round "6.2"]
[White "Werle, Jan"]
[Black "Bartel, Mateusz"]
[Result "1-0"]
[WhiteElo "2574"]
[BlackElo "2599"]
[PlyCount "59"]
[EventDate "2010.??.??"]

1. d4 Nf6 2. c4 e6 3. Nf3 d5 4. Nc3 Bb4 5. cxd5 exd5 6. Bg5 h6 7. Bh4 c5 8. e3
c4 9. Nd2 g5 10. Bg3 Bf5 11. Be5 Bxc3 12. bxc3 Nbd7 13. Bd6 Qb6 14. Ba3 Qe6 15.
Qa4 a5 16. Qb5 Qb6 17. Nxc4 dxc4 18. Qxf5 Qc6 19. Be2 g4 20. Bxg4 Nxg4 21. Qxg4
O-O-O 22. O-O Rhg8 23. Qh3 Rg6 24. Rfb1 Kc7 25. g3 Nf6 26. Be7 Rd7 27. Bxf6
Rxf6 28. Qg2 Rf3 29. a4 Rd6 30. Rb5 1-0